| 000 | 00495nam a22001697a 4500 | ||
|---|---|---|---|
| 003 | 0 | ||
| 005 | 20231211095329.0 | ||
| 008 | 231104b xxu||||| |||| 00| 0 eng d | ||
| 020 | _a978-1-4063-9962-2 | ||
| 050 |
_aTR _bMai231 2020 |
||
| 100 | _aCousins, Lucy | ||
| 245 |
_aMaisy gets a pet _cLucy Cousins |
||
| 260 |
_aLondon _bWalker Books and Subsidiaries _cc2020. |
||
| 300 |
_a25 pages : _bcolored illustrations ; _c21 cm. |
||
| 650 | _aPets -- Children's literature. | ||
| 942 |
_2lcc _cBK |
||
| 999 |
_c365563 _d365563 |
||